000
00350nam a22001097a 4500
082
_a
160
100
_a
Patel, Aditya
_9
81671
245
_a
तर्कशक्ति Verbal and Non-Verbal REASONING
_b
सम्पूर्ण क्लास नोट्स
260
_a
Indore
_b
Winners Publications
_c
2023
650
_a
Reasoning
942
_c
HIN
999
_c
66483
_d
66483